Missing Word: Acronyms (A-Z) Quiz Stats

Quiz Updated Nov 17, 2016

Also try: What's Left?
Challenge
Share
Tweet
Embed
Score 0/26 Timer 02:00
1 Play Today
Acronym Word % Correct
NYCNew
97.2%
LOTRLord
95.8%
KFCKentucky
95.6%
FAQQuestions
95.1%
NBABasketball
93.7%
NESSystem
88.3%
FDRFranklin
87.8%
WW2War
87.5%
UAEUnited
87.3%
TTYLYou
86%
XLExtra
85.4%
IMInstant
85.2%
PBSPublic
84.9%
Acronym Word % Correct
HBOOffice
84.3%
VHSVideo
81%
LBJJohnson
80.6%
BETEntertainment
76%
HPHewlett
75.4%
RAMMemory
72.6%
RBIRuns
68.6%
AC/DCAlternate
62.3%
SWATTactics
58.9%
XYZZipper
46.1%
CNNCable
39.6%
GIFGraphic
32.9%
DOSDisk
22.8%

Today's Daily Dose

You're not logged in!

Compare scores with friends on all Sporcle quizzes.
Join for Free
OR
Log In

You Might Also Like...

Show Comments

Extras

Top Quizzes Today


Score Distribution

Your Account Isn't Verified!

In order to create a playlist on Sporcle, you need to verify the email address you used during registration. Go to your Sporcle Settings to finish the process.

Report this User

Report this user for behavior that violates our Community Guidelines.

Details: